• 首页
  • 本馆介绍
  • 公告通知
  • 最新文献
  • 馆藏检索
  • 电子资源
  • 读者导购
  • 参考咨询
  • 我的图书馆
  • 登录
  • 详细信息显示
  • 放入我的书架
  • 预约/预借图书
  • 作者相关作品
  • 分类相关作品
  • 丛书相关作品
  • 出版社相关作品

书目信息

  • 表格格式
  • 工作单格式
  • 卡片格式
题名:
中外历史年表
    
 
作者: 剪伯赞 主编 ;齐思和 , 刘启戈 , 聶崇岐 编
分册:  
出版信息: 北京   中华书局  1961.2
页数: 883页
开本: 20cm
丛书名:
单 册:
中图分类: K108
科图分类:
主题词: 世界史--历史年表
电子资源:
ISBN:
000 00763nam0 2200241 45
001 0312221749
005 20060803154146.15
010    @b精装@dCNY3.90
091    @a11018.267
100    @a20031222d1961 km y0chiy0120 ea
101    @achi
200 1  @a中外历史年表@AZhong Wai Li Shi Nian Biao@e公元前4500年-公元1918年@EGong Yuan Qian 4500 Nian-Gong Yuan 1918 Nian@f剪伯赞主编@FJian Bo Zan Zhu Bian@g齐思和,刘启戈,聶崇岐编
210    @a北京@c中华书局@d1961.2
215    @a883页@d20cm
517    @a公元前4500年-公元1918年
606 0  @a世界史@x历史年表
690    @aK108@v3
701 0  @a剪伯赞@4主编
702  0 @a齐思和@AQi Si He@4编
702  0 @a刘启戈@ALiu Qi Ge@4编
702  0 @a聶崇岐@AZhe Chong Qi@4编
801    @aCN@bTSTCL@c20060803
905    @dK108@e7
    
    中外历史年表:公元前4500年-公元1918年/剪伯赞主编/齐思和,刘启戈,聶崇岐编.-北京:中华书局,1961.2
    883页;20cm
    
    
    ISBN (精装):CNY3.90
    
●
相关链接 在E读中查询图书 在五车中查询图书 在当当中查询图书 在豆瓣中查询图书


正题名:中外历史年表     索取号:K108/7         预约/预借

序号 登录号 条形码 馆藏地/架位号 状态 备注
1 0044332   202339683   密集书库/ [索取号:K108/7] 在馆    
2 0044333   000696223   密集书库/ [索取号:K108/7] 在馆    
3 0089819   000696214   工具书阅览室/ [索取号:K108/7] 在馆    
4 0421232   204212324   密集书库/ [索取号:K108/7] 在馆    
5 0444495   204444958   密集书库/ [索取号:K108/7] 在馆    
唐山师范学院图书馆 欢迎您!
大连网信软件有限公司© 版权所有